| 000 | 00422 a2200157 4500 | ||
|---|---|---|---|
| 005 | 20250804104509.0 | ||
| 008 | 250627b |||||||| |||| 00| 0 eng d | ||
| 020 | _a9789355181855 | ||
| 080 |
_aFH _bSUR/M |
||
| 100 | _aSuryabala | ||
| 245 | _aManush gandh(मनुष गन्ध) | ||
| 260 |
_bVani Prakashan _aNew Delhi. _c2022 |
||
| 300 | _a168p. | ||
| 653 | _aFiction-Short Stories Hindi Literature | ||
| 942 | _cOO | ||
| 999 |
_c114099 _d114098 |
||